Представление документа в формате RUSMARC

ПолеНазваниеЗначение
  Тип записи a
  Библиографический уровень c
001 Контрольный номер RU/SLIB/B/208774846
005 Дата корректировки 20231204091718.2
010 Индекс ISBN __
d Цена 40-00; 1-20
101 Язык документа 0_
a Язык текста rus
c Язык оригинала rus
200 Заглавие и сведения об ответственности 1_
a Заглавие Собрание сочинений
e Сведения, относящиеся к заглавию в 30 т.
f Первые сведения об ответственности М. Горький
b Общее обозначение материала Текст
h Номер части Т. 11
i Наименование части Рассказы (1912-1917 гг.)
210 Выходные данные 1_
a Место издания М.
c Издательство Худож. лит.
d Дата издания 1951
215 Физическое описание __
a Объем 424 с.
c Иллюстрации/тип воспроизводства ил.
327 Примечание о содержании 0_
a Примечание о содержании Рождение человека
606 Тематические рубрики __
a Основная рубрика Художественная литература
z Хронологическая подрубрика 20 в. нач.; 1912 г. ; 1913 г. ; 1914 г. ; 1915 г. ; 1916 г. ; 1917 г.
y Географическая подрубрика Россия
606 Тематические рубрики __
a Основная рубрика Русская литература XX в. (произведения)
610 Ключевые слова 0_
a Ключевые слова рассказы; прозаики; писатели
686 Индексы других классификаций __
a Классификационный индекс 84(2Рос=Рус)6-4 ; ст84(2Рос=Рус)6-4
700 Автор _1
a Фамилия Горький
b Имя М.
c Титул (звания) Пешков А. М.
g Полное личное имя Максим
4 Код отношения 070
801 Источник записи _0
a Страна RU
b Организация Муниципальное бюджетное учреждение культуры "Централизованная библиотечная система" г. Сургут (Центральная городская библиотека им. А. С. Пушкина)
g Правила каталогизации КиК/Уланова ; КиК/Михайлова
801 Источник записи _1
a Страна RU
b Организация Муниципальное бюджетное учреждение культуры "Централизованная библиотечная система" г. Сургут (Центральная городская библиотека им. А. С. Пушкина)
g Правила каталогизации КиК/Уланова ; КиК/Михайлова
852 Данные о местонахождении __
j Шифр хранения 84(2Рос=Рус)6-4
c Каталожный индекс 84(2Рос=Рус)6-4
i Авторский знак Г 71
p Инвентарный номер 16412(с); 65539(с)
901 Тип документа __
t Тип документа x
903 Характеристики (МАРС) __
a Дата передачи 20050809
969 Тип издания __
a Тип издания сборник
990 Данные о заказе (DOS) __
j Количество экземпляров (DOS) 1; 2
t N записи в КСУ для И/У (DOS) 200507; 199101